00750 2200253 4500001002100000005001700021008004100038020002200079035002500101040001200126082001100138084002100149090002100170100002100191245009400212250001100306260003300317300003100350500003100381650003700412700001300449850001200462990002200474INLIS00000000000513420150526134645.0  a978-602-255-302-1 a0010-051500000000267 aYOPDYOG a297.32 aDEP 297.32 Amr S aDEP 297.32 Amr S aAMRIN RAUF, H.M. aSakinahkan rumah tanggamu dengan shalat-shalat sunahc/ H.M. Amrin Rauf ; editor Agus Hr. aCet. 1 aYogyakartabDiva Pressc2013 a188 hlm.b: ilus.c; 20 cm aBibliografi : hlm. 185-186 aShalat Sunnah - Keluarga Sakinah aAgus Hr. aYOPDYOG aCB-D.11-2013-1645